| 000 | 00630cam4a220021700 4500 | ||
|---|---|---|---|
| 001 | tmp15302795 | ||
| 003 | UPRA | ||
| 005 | 20190830101943.0 | ||
| 008 | 950728s1964 onc eng u | ||
| 035 | _a(Sirsi) r109895 | ||
| 035 | _a(UPRA)tmp15302795 | ||
| 040 | _cUPRA | ||
| 100 | 1 |
_aWard, Norman. _6A39319.1 |
|
| 245 | 1 | 0 | _aGovernment in Canada. |
| 250 | _a2nd ed. | ||
| 260 |
_aToronto : _bW.J. Gage, _c[1964] |
||
| 504 | _aBibliography: p. 315-317. | ||
| 651 | 0 |
_aCanada -- Politics and government. _xCanada -- Politics and government. _6S31994.1 |
|
| 949 |
_aJL28 _wlcc _i-156836 _mMAIN _tBOOK _lON-SHELF |
||
| 004 | 109895 | ||
| 999 |
_c182621 _d182621 |
||